| 000 | 00496nam a22001815i 4500 | ||
|---|---|---|---|
| 001 | 54762 | ||
| 003 | ES-MaACL | ||
| 005 | 20230906163022.0 | ||
| 007 | t| | ||
| 008 | 960729s1872 fr ||||1| fre d | ||
| 040 |
_aCAM _bspa _cCAM |
||
| 100 | 1 |
_aGaboriau, Emile. _953145 |
|
| 245 | 1 | 3 |
_aLe crime D'Orcival / _cpar Emile Gaboriau. |
| 250 | _a8ยช ed. | ||
| 260 |
_aParis : _bE. Dentu ( _ePoissy) _c1872 ( _ftyp. S. Lejay et Cie.) |
||
| 300 |
_a[4], 401 p. ; _c19 cm. |
||
| 852 |
_aES-MaACL _jD-2109 |
||
| 999 |
_c54762 _d54762 |
||